Statistics for Unusual UK Placenames

Click here to take the quiz!

General Stats

  • This quiz has been taken 9 times
  • The average score is 2 of 15

Answer Stats

PlacenameCounty% Correct
MouseholeCornwall
67%
CockermouthCumbria
56%
WigtownDumfries and Galloway
22%
WetwangEast Yorkshire
22%
StiffkeyNorfolk
22%
Over PeoverCheshire
0%
MayobridgeCo.Down
0%
SplattCornwall
0%
GreensplatCornwall
0%
Cross O' Th' HandsDerbyshire
0%
DufftownMoray
0%
TwattOrkney, Shetland
0%
DullPerth and Kinross
0%
TonypandyRhondda
0%
FulkingWest Sussex
0%

Score Distribution

Percentile by Number Answered

Percent of People with Each Score

Your Score History

You have not taken this quiz